000 01571nam a22002777a 4500
003 UA-OsUOA
001 130291
007 ta
008 20180419b un ||||| |||| 00| 0 ukr d
100 _aПоповський А. М.
090 _a811.161.2'373
_bП58
942 _cBK
040 _aUA-OsUOA
_bukr
_cUA-OsUOA
_dUA-OsUOA
245 _aПівденноукраїнські джерела в історії формування української літературної мови
_bмонографія
300 _a324 с.
955 _a1
041 _aukr
080 _a811.161.2'373
020 _a978-966-383-863-2
591 _aПоповський А. М.
520 3 _aЗміст1. Значення південноукраїнських степових говорів у формуванні літературно-національної мови2. Нормативні тенденції в мові фольклору Південної України ХІХ - початку ХХ століття3. Мова фольклору та художньої літератури Південної України ХІХ -
520 3 _aпочатку ХХ століття4. Значення навчальних посібників Південної України в унормуванні літературно-національної мови
260 _aДніпро
_bЛіра
_c2018
650 7 _a8 Мовознавство. Художня література. Літературознавство
_2UDC
999 _c418306
_d418306